Statistiques concernant Pays ayant le plus d'espèces venimeuses

Cliquez ici pour prendre le quiz!

Statistiques générales

  • Ce quiz a été pris 3,091 fois
  • Le résultat moyen est 12 sur 18

Statistiques - réponses

pays % Correct
66Australie
95%
75Brésil
95%
60Inde
85%
36Etats-Unis
83%
80Mexique
82%
59Indonésie
79%
53Colombie
79%
47Pérou
72%
36Venezuela
70%
49Thaïlande
69%
50Viêt Nam
66%
37Afrique du Sud
65%
38Malaisie
61%
47Équateur
58%
48Birmanie
51%
34Papouasie-Nouvelle-Guinée
43%
34Kenya
41%
38Iran
36%

Distribution des résultats

Percentile by Number Answered

% des personnes avec chaque résultat

Votre développement - résultats

Vous n’avez pas pris ce quiz